NBA - Vainqueurs concours de dunk (2000) - Statistiques

Statistiques générales
  • Ce quiz a été pris 44 fois
  • Le résultat moyen est 10 sur 26
Statistiques - réponses
Année Nom du vainqueur % Correct
2015 Zach LaVine
92%
2016 Zach LaVine
92%
2000 Vince Carter
87%
2023 Mac McClung
58%
2024 Mac McClung
58%
2025 Mac McClung
58%
2008 Dwight Howard
47%
2006 Nate Robinson
39%
2009 Nate Robinson
39%
2010 Nate Robinson
39%
2017 Glenn Robinson
37%
2011 Blake Griffin
34%
2020 Derrick Jones Jr
32%
2018 Donovan Mitchell
29%
2004 Fred Jones
29%
2002 Jason Richardson
29%
2003 Jason Richardson
29%
2022 Obi Toppin
26%
2007 Gerald Green
24%
2005 Josh Smith
24%
2014 John Wall
18%
2021 Anfernee Simons
16%
2019 Hamidou Diallo
16%
2013 Terrence Ross
13%
2001 Desmond Mason
3%
2012 Jeremy Evans
3%
Aucun quiz correspondant
Distribution des résultats
% des personnes avec chaque résultat
Percentile par nombre de réponses
Votre historique - résultats
Vous n’avez pas pris ce quiz